000
00323nam a2200109Ia 4500
008
171205s9999 xx 000 0 und d
020
_a
9781472523419
100
_a
Campbell, Kenneth L.
245
_a
Western Civilizaion in a Global Context: The Modern Age
260
_b
Bloomsbury Publishing Plc
_c
2015
300
_a
410 pages
999
_c
347398
_d
347398